| 000 | 00433nam a22001337a 4500 | ||
|---|---|---|---|
| 020 | _a9787508615158 | ||
| 082 |
_a302 _bGLA |
||
| 100 | _aGladwell, Malcolm | ||
| 245 |
_aOutliers: _bThe Story of Success (Chinese Edition) / _cMalcolm Gladwell : Translated by MeiGe La De Wei Zhu |
||
| 260 |
_aChina : _bCITIC Press, _c2009. |
||
| 300 |
_a259 p. ; _c21 cm. |
||
| 880 |
_6245-02\r _a异常值: 成功的故事 / |
||
| 942 |
_2ddc _cBK |
||
| 999 |
_c591771 _d591771 |
||